Top 25 Countries in Men's 400 Meters Hurdles - Statistics

General Stats
  • This quiz has been taken 27 times
  • The average score is 16 of 25
Answer Stats
NR Continent Answer % Correct
46.17 North America United States
96%
46.29 South America Brazil
89%
47.37 Europe France
89%
47.82 Europe United Kingdom
85%
47.48 Europe Germany
81%
47.34 North America Jamaica
81%
45.94 Europe Norway
81%
47.54 Europe Italy
78%
47.93 North America Cuba
74%
47.89 Asia Japan
74%
48.98 Europe Sweden
74%
47.81 Asia Turkey
74%
47.66 Africa South Africa
70%
47.69 North America Trinidad and Tobago
70%
47.82 Europe Greece
63%
46.98 Asia Qatar
63%
47.78 Africa Kenya
59%
47.84 North America Panama
59%
47.82 Europe Estonia
52%
47.97 Europe Ireland
52%
47.82 Africa Uganda
48%
47.53 Asia Saudi Arabia
44%
47.23 Africa Senegal
41%
47.10 Africa Zambia
37%
47.25 North America Dominica Republic
0%
No matching quizzes found
Score Distribution
Percent of People with Each Score
Percentile by Number Answered
Your Score History
You have not taken this quiz